00707cam a2200193 a 4500001000400000003001000004005001700014008004100031020001800072040002500090080002700115100003500142245014600177260003800323300002000361504002500381650004200406650006500448137BR-CuiBMT20231114181750.0230821s2021 mgb 000 0 por d a9786555180138 aBR-CuiBMTcBR-CuiBMT 22007a614.39x(81+469)1 aSilva, Ricardo Augusto Dias da13aOs sistemas de saúde brasileiro e português :bo que nos aproxima e nos distancia além do atlântico /cRicardo Augusto Dias da Silva. aBelo Horizonte :bFórum,c2021. a127 p. ;c21 cm aInclui bibliografia. aSistemas de saúdezBrasilzPortugal aSistemas de saúdexDireitos fundamentaiszBrasilzPortugal